Sports Quiz

Random Sports or Basketball Quiz

Athletes Turned Politician Quiz Stats

Quiz not verified by Sporcle

Challenge
Share
Tweet
Score 0/32 Timer 10:00
0 Plays Today
% Correct
George H. W. Bush
95.1%
George W. Bush
89.3%
Gerald Ford
87.7%
Arnold Schwarzenegger
86.9%
Jesse Ventura
86.1%
Bill Bradley
78.7%
Ronald Reagan
72.1%
Lynn Swann
68.9%
Dwight Eisenhower
64.8%
Steve Largent
63.9%
Tom Osborne
62.3%
Jim Bunning
60.7%
Kevin Johnson
58.2%
Shawn Bradley
54.1%
Dave Bing
52.5%
Heath Shuler
50.8%
% Correct
Jack Kemp
50%
Alan Page
43.4%
Byron White
42.4%
Sam Wyche
40.2%
Jon Runyan
35.2%
J. C. Watts
34.4%
Craig James
34.4%
Jim Ryun
29.5%
Chris Dudley
27%
Ben Nighthorse Campbell
19.7%
Jay Riemersma
9.8%
Bob Mathias
8.2%
Ralph Metcalfe
4.9%
Baron Hill
4.9%
Matt Lindland
3.3%
Joe Mesi
1.6%

You're not logged in!

Compare scores with friends on all Sporcle quizzes.
Sign Up with Email
OR
Log In

You Might Also Like...

Show Comments

Extras

Top Quizzes Today


Score Distribution

Your Account Isn't Verified!

In order to create a playlist on Sporcle, you need to verify the email address you used during registration. Go to your Sporcle Settings to finish the process.